| 000 | 00460ntaaa2200181 4500 | ||
|---|---|---|---|
| 003 | 01 | ||
| 005 | 20251027201303.0 | ||
| 008 | 0714s1973 ag 01 | ||
| 040 |
_aAR-BaBN _bspa _cAR-BaBN _eaacr _dRIC |
||
| 082 | _a221.4400 L47 | ||
| 100 |
_aBiblia. A.T. Hebreo. 1953 _911030 |
||
| 245 | _aLey, Profetas, Escritos | ||
| 250 | _a1 ed. | ||
| 260 |
_aLondon : _bLowe and Brydone, _c1953 |
||
| 300 |
_a1384 p. ; _c18 cm |
||
| 500 | _aTÃtulo en hebreo. | ||
| 942 | _cBK | ||
| 999 |
_c7258 _d7258 |
||